| 000 | 00461cam a2200181ua 4500 | ||
|---|---|---|---|
| 020 |
_a81 7029 797 4 _c270.00 |
||
| 041 |
_aeng _h |
||
| 082 |
_a005.43 _bKEL/UN |
||
| 100 | _aKelly-Bootle, Stan . | ||
| 245 |
_aUnderstanding UNIX / _cStan Kelly-Bootle. _hTextual Documents |
||
| 250 |
_a2 / _b. |
||
| 260 |
_aNew Delhi : _bB P B Publishers , _c1997. |
||
| 300 | _a587 ; . | ||
| 365 | _a270.00 | ||
| 504 | _a | ||
| 942 | _cBK | ||
| 999 |
_c9466 _d9466 |
||